书目信息 |
| 题名: |
揭开鬼神之谜.修订本
|
|
| 作者: | 王炜 , 陈丽芳 编著 | |
| 分册: | ||
| 出版信息: | 福州 福建科学技术出版社 2000.02 |
|
| 页数: | 253页 | |
| 开本: | 32开 | |
| 丛书名: | ||
| 单 册: | ||
| 中图分类: | B917-49 | |
| 科图分类: | ||
| 主题词: | 无神论 | |
| 电子资源: | ||
| ISBN: | 7-5335-1577-3 | |
| 000 | 00609nam0 2200205 45 | |
| 001 | 0007271189 | |
| 005 | 20000727111206.0 | |
| 010 | @a7-5335-1577-3@d9.90元 | |
| 100 | @a20000727d2000 km y0chiy0120 ea | |
| 101 | 0 | @achi |
| 105 | @a z 000yy | |
| 200 | 1 | @a揭开鬼神之谜.修订本@AJie Kai Gui Shen Zhi Mi.Xiu Ding Ben@f王炜,陈丽芳编著@FWang Wei,Chen Li Fang Bian Zhu |
| 210 | @a福州@c福建科学技术出版社@d2000.02 | |
| 215 | @a253页@d32开 | |
| 606 | 0 | @a无神论 |
| 690 | @aB917-49@v3 | |
| 701 | 0 | @a王炜@4编著 |
| 701 | 0 | @a陈丽芳@4编著 |
| 801 | @aCN@bPftUser@c20000727 | |
| 905 | @b80601-603@dB917-49@eW.125@f3 | |
| 揭开鬼神之谜.修订本/王炜,陈丽芳编著.-福州:福建科学技术出版社,2000.02 |
| 253页;32开 |
| ISBN 7-5335-1577-3:9.90元 |
| ● |
| 相关链接 |
|
|
|
正题名:揭开鬼神之谜·修订本
索取号:B917-49/W.125
 
预约/预借
| 序号 | 登录号 | 条形码 | 馆藏地/架位号 | 状态 | 备注 |
| 1 | 80601 | 200806011 | 自科二线400A/400A自科库 11排3列3层/ [索取号:B917-49/W.125] | 在馆 | |
| 2 | 80602 | 200806020 | 自科二线400A/400A自科库 13排2列1层/ [索取号:B917-49/W.125] | 在馆 | |
| 3 | 80603 | 200806039 | 自科二线400A/400A自科库 12排3列2层/ [索取号:B917-49/W.125] | 在馆 |